00402nam a2200169Ia 4500003000400000005001700004008004100021040000700062041000800069082001900077100002100096245004300117260003400160365000800194650001500202650001500217OSt20230603103259.0210423s1995 xx 000 0 und d cAL aeng a150223b LAHP aLAHEY (Benjamin) aPsychology: introduction practice rest aMedisonbWCB Publishersc1995 cINR aPhilosophy aPsychology